[Event "Lodi Weekend Wasken Boys 2nd"]
[Site "Lodi"]
[Date "2014.06.08"]
[Round "4"]
[White "Ciochetta, Giovanni"]
[Black "Swannie, Bryan"]
[Result "0-1"]
[WhiteElo "1573"]
[BlackElo "1704"]
[PlyCount "56"]
[EventDate "2014.06.06"]
[EventType "swiss"]
[EventRounds "5"]
[EventCountry "ITA"]
[SourceTitle "EXT 2024"]
[Source "ChessBase"]
[SourceDate "2023.10.10"]
[SourceVersion "1"]
[SourceVersionDate "2023.10.10"]
[SourceQuality "1"]

1. e4 c5 2. c4 Nc6 3. Nc3 d6 4. d3 g6 5. Nge2 Bg7 6. g3 e5 7. Bg2 Nge7 8. 0-0 0-0 9. Be3 a6 10. a3 Be6 11. Nd5 Rc8 12. Nec3 Bxd5 13. cxd5 Nd4 14. Ne2 Qb6 15. Bxd4 cxd4 16. Rb1 f5 17. f3 fxe4 18. fxe4 Rxf1+ 19. Qxf1 Rf8 20. Qd1 Bh6 21. Bh3 Be3+ 22. Kh1 Rf2 23. Be6+ Kg7 24. b4 Qd8 25. Rb2 Qf8 26. Bg4 Rf1+ 27. Ng1 Rxd1 28. Bxd1 Qf1 0-1

[Event "Lodi Weekend Wasken Boys 2nd"]
[Site "Lodi"]
[Date "2014.06.08"]
[Round "5"]
[White "Swannie, Bryan"]
[Black "Marzatico, Luca"]
[Result "0-1"]
[WhiteElo "1704"]
[BlackElo "1710"]
[PlyCount "46"]
[EventDate "2014.06.06"]
[EventType "swiss"]
[EventRounds "5"]
[EventCountry "ITA"]
[SourceTitle "EXT 2024"]
[Source "ChessBase"]
[SourceDate "2023.10.10"]
[SourceVersion "1"]
[SourceVersionDate "2023.10.10"]
[SourceQuality "1"]

1. d4 d5 2. Nf3 Nf6 3. c4 e6 4. g3 c5 5. Bg2 dxc4 6. 0-0 Nc6 7. e3 cxd4 8. Nxd4 Nxd4 9. Qxd4 Qxd4 10. exd4 Bb4 11. Nd2 c3 12. bxc3 Bxc3 13. Rb1 Bxd4 14. Bxb7 Bxb7 15. Rxb7 0-0 16. Nb3 Bb6 17. Bf4 Nd5 18. Bd2 Rfc8 19. a4 Rab8 20. Na5 Rxb7 21. Nxb7 Rc2 22. Rc1 Rxc1+ 23. Bxc1 Nc3 0-1

[Event "Lodi Weekend Wasken Boys 2nd"]
[Site "Lodi"]
[Date "2014.06.07"]
[Round "2"]
[White "Swannie, Bryan"]
[Black "Finelli, Carmine"]
[Result "1-0"]
[WhiteElo "1704"]
[BlackElo "1440"]
[PlyCount "115"]
[EventDate "2014.06.06"]
[EventType "swiss"]
[EventRounds "5"]
[EventCountry "ITA"]
[SourceTitle "EXT 2024"]
[Source "ChessBase"]
[SourceDate "2023.10.10"]
[SourceVersion "1"]
[SourceVersionDate "2023.10.10"]
[SourceQuality "1"]

1. d4 d5 2. c4 e6 3. Nf3 Nf6 4. g3 Qd6 5. Nc3 Be7 6. c5 Qd8 7. Bf4 Nh5 8. Bd2 Nc6 9. Bg2 0-0 10. e3 Nf6 11. 0-0 b6 12. cxb6 axb6 13. a3 Na5 14. Ne5 Bd6 15. b4 Nb7 16. f4 c5 17. bxc5 bxc5 18. dxc5 Nxc5 19. Nc6 Qc7 20. Nb4 Ba6 21. Nxa6 Rxa6 22. Nb5 Qd7 23. Nxd6 Rxd6 24. Bb4 Rc6 25. Rc1 Rfc8 26. Rf2 Qa7 27. Rfc2 R6c7 28. Qd4 Nfd7 29. a4 h6 30. Bf1 f6 31. Bb5 Qb7 32. Bxc5 e5 33. Qb4 Kh7 34. Bd3+ e4 35. Qxb7 exd3 36. Qxc8 Rxc8 37. Rc3 d2 38. Rd1 Ra8 39. Rxd2 Rxa4 40. Rxd5 Nb8 41. Rd2 Na6 42. Bd6 Ra1+ 43. Kg2 Rb1 44. Ra2 Nb8 45. Bxb8 Rxb8 46. Kf3 h5 47. Rc5 Kh6 48. Raa5 g6 49. Rc6 Rf8 50. Raa6 Kg7 51. e4 Rf7 52. g4 h4 53. Ke3 Rf8 54. e5 fxe5 55. Rxg6+ Kh7 56. Rh6+ Kg7 57. Rag6+ Kf7 58. Rf6+ 1-0

[Event "Codogno op-B 4th"]
[Site "Codogno"]
[Date "2012.09.23"]
[Round "5"]
[White "Swannie, Bryan"]
[Black "Panizza, Luca"]
[Result "0-1"]
[WhiteElo "1702"]
[BlackElo "1599"]
[PlyCount "88"]
[EventDate "2012.09.21"]
[EventType "swiss"]
[EventRounds "5"]
[EventCountry "ITA"]
[SourceTitle "EXT 2016"]
[Source "ChessBase"]
[SourceDate "2015.10.08"]
[SourceVersion "1"]
[SourceVersionDate "2015.10.08"]
[SourceQuality "1"]

1. d4 f5 2. c4 Nf6 3. g3 g6 4. Bg2 Bg7 5. Nf3 d6 6. 0-0 0-0 7. Nc3 c6 8. b3 Na6 9. Re1 Nc7 10. Ba3 a6 11. e4 fxe4 12. Nxe4 Bf5 13. Nfg5 Nxe4 14. Bxe4 Bxe4 15. Rxe4 Rf5 16. f4 e5 17. Bb2 exf4 18. gxf4 d5 19. cxd5 cxd5 20. Re3 Rxf4 21. Rg3 Qe7 22. Qd2 Rf5 23. Re1 Qf6 24. Re5 Rf8 25. Rxf5 Qxf5 26. Rf3 Qb1+ 27. Kg2 Rxf3 28. Kxf3 Qf5+ 29. Qf4 Qd3+ 30. Qe3 Qf1+ 31. Kg4 h5+ 32. Kg3 Bh6 33. Qe7 Qg1+ 34. Kf3 Qg4+ 35. Kf2 Bxg5 36. Qxc7 Qf4+ 37. Qxf4 Bxf4 38. h4 Kf7 39. Kf3 Bd6 40. a4 Be7 41. Kg3 Ke6 42. Bc3 Kf5 43. Ba5 Ke4 44. Bb6 Bf6 0-1

[Event "Crema op 14th"]
[Site "Crema"]
[Date "2012.09.02"]
[Round "5"]
[White "Torricelli, Lorenzo"]
[Black "Swannie, Bryan"]
[Result "0-1"]
[WhiteElo "1682"]
[BlackElo "1702"]
[PlyCount "62"]
[EventDate "2012.08.31"]
[EventType "swiss"]
[EventRounds "6"]
[EventCountry "ITA"]
[SourceTitle "EXT 2014"]
[Source "ChessBase"]
[SourceDate "2013.11.20"]
[SourceVersion "1"]
[SourceVersionDate "2013.11.20"]
[SourceQuality "1"]

1. e4 d6 2. d4 Nf6 3. Nc3 e5 4. Bg5 Be7 5. Qd2 0-0 6. 0-0-0 c6 7. dxe5 dxe5 8. Bd3 Qc7 9. f4 Nbd7 10. Nf3 exf4 11. Bxf4 Qb6 12. g4 Rd8 13. Qg2 Nc5 14. Ne5 Nxd3+ 15. Nxd3 Bf8 16. g5 Nh5 17. Bd2 Be6 18. Qf3 g6 19. Be3 Bg4 20. Qf2 Qc7 21. Rdf1 Be6 22. Nf4 Nxf4 23. Bxf4 Qe7 24. h4 Bg7 25. e5 Bd5 26. Nxd5 Rxd5 27. h5 Bxe5 28. Bd2 Rad8 29. Be3 Bxb2+ 30. Kxb2 Qb4+ 31. Ka1 Qc3+ 0-1

[Event "Crema op 14th"]
[Site "Crema"]
[Date "2012.09.01"]
[Round "3"]
[White "Colombo, Luca"]
[Black "Swannie, Bryan"]
[Result "1-0"]
[WhiteElo "1898"]
[BlackElo "1702"]
[PlyCount "83"]
[EventDate "2012.08.31"]
[EventType "swiss"]
[EventRounds "6"]
[EventCountry "ITA"]
[SourceTitle "EXT 2014"]
[Source "ChessBase"]
[SourceDate "2013.11.20"]
[SourceVersion "1"]
[SourceVersionDate "2013.11.20"]
[SourceQuality "1"]

1. e4 d6 2. d4 Nf6 3. Nc3 e5 4. dxe5 dxe5 5. Qxd8+ Kxd8 6. Bg5 c6 7. 0-0-0+ Ke8 8. Nf3 Nbd7 9. Bc4 Bc5 10. Rhf1 Bb6 11. Bxf6 gxf6 12. Nh4 Nf8 13. Nf5 Ne6 14. Bxe6 Bxe6 15. Nd6+ Ke7 16. Nxb7 Rhg8 17. g3 Bh3 18. Rfe1 Rab8 19. Nd6 Rbd8 20. Nf5+ Bxf5 21. Rxd8 Rxd8 22. exf5 Bxf2 23. Re2 Bb6 24. Ne4 h5 25. c3 Rd3 26. Kc2 Rf3 27. Rd2 Rxf5 28. Nd6 Rf2 29. Rxf2 Bxf2 30. Nf5+ Kd7 31. Kd3 Ke6 32. Ke4 Bc5 33. Ng7+ Kd7 34. Nxh5 Be7 35. Ng7 Bf8 36. Nf5 Ke8 37. b4 Be7 38. h4 Kf8 39. h5 Bd8 40. g4 a5 41. a3 Bb6 42. c4 1-0

[Event "Crema op 14th"]
[Site "Crema"]
[Date "2012.08.31"]
[Round "1"]
[White "Fongarolli, Diego"]
[Black "Swannie, Bryan"]
[Result "1-0"]
[WhiteElo "2068"]
[BlackElo "1702"]
[PlyCount "39"]
[EventDate "2012.08.31"]
[EventType "swiss"]
[EventRounds "6"]
[EventCountry "ITA"]
[SourceTitle "EXT 2014"]
[Source "ChessBase"]
[SourceDate "2013.11.20"]
[SourceVersion "1"]
[SourceVersionDate "2013.11.20"]
[SourceQuality "1"]

1. e4 d6 2. d4 Nf6 3. Nc3 e5 4. dxe5 dxe5 5. Qxd8+ Kxd8 6. Bg5 c6 7. Nf3 Nbd7 8. Bc4 Ke8 9. a3 Bc5 10. 0-0 Bb6 11. Rad1 Bc7 12. h3 h6 13. Be3 Nf8 14. Rd2 Ne6 15. Rfd1 Ke7 16. b4 b5 17. Bb3 Ne8 18. Ne2 f6 19. Nh4 Nf8 20. Bc5+ 1-0

[Event "Crema op 14th"]
[Site "Crema"]
[Date "2012.08.31"]
[Round "2"]
[White "Swannie, Bryan"]
[Black "Frignani, Alessandro"]
[Result "1-0"]
[WhiteElo "1702"]
[BlackElo "1377"]
[PlyCount "31"]
[EventDate "2012.08.31"]
[EventType "swiss"]
[EventRounds "6"]
[EventCountry "ITA"]
[SourceTitle "EXT 2014"]
[Source "ChessBase"]
[SourceDate "2013.11.20"]
[SourceVersion "1"]
[SourceVersionDate "2013.11.20"]
[SourceQuality "1"]

1. d4 d5 2. c4 dxc4 3. e3 b5 4. a4 Bd7 5. axb5 Bxb5 6. Na3 Qd7 7. Bxc4 Bxc4 8. Nxc4 Nc6 9. d5 Nb4 10. e4 c5 11. Ne5 Qd6 12. Bf4 Qf6 13. Qa4+ Nc6 14. dxc6 Kd8 15. Rd1+ Kc8 16. Qa6+ 1-0